[Event "AUTO-BEG-220"]
[Site "http://www.queenalice.com/game.php?id=407253"]
[Date "2008.5.23"]
[Round "1"]
[White "rico"]
[Black "Krajnicov"]
[Result "0-1"]
[WhiteElo "1165"]
[BlackElo "1446"]

1. e3 e5 2. Nf3 Nf6 3. Nxe5 Qe7 4. Nc4 h5 5. d4 d5 6. Ne5 Qb4+ 7. c3 Qa5 8. Qe2
Qa4 9. Qb5+ Kd8 10. Qxa4 Nbd7 11. Nxf7+ Ke7 12. Nxh8 c6 13. e4 Nxe4 14. Ng6+ Kf7
15. Nf4 Nb6 16. Qd1 Nc4 17. Qxh5+ g6 18. Qxg6+ Ke7 19. Bxc4 dxc4 20. Qxe4+ Kd8
21. Ne6+ Ke8 22. Nc7+ Kd7 23. Nxa8 Be7 0-1

[Event "AUTO-BEG-220"]
[Site "http://www.queenalice.com/game.php?id=407254"]
[Date "2008.5.23"]
[Round "1"]
[White "Krajnicov"]
[Black "rico"]
[Result "1-0"]
[WhiteElo "1451"]
[BlackElo "1160"]

1. e4 e6 2. d4 Nf6 3. Qd3 Bb4+ 4. c3 Be7 5. e5 Nd5 6. Qg3 Bh4 7. Qxg7 Ke7 8. Nf3
Qg8 9. Qh6 Qg6 10. Qxh4+ f6 11. Kd2 b5 12. Rg1 d6 13. Bd3 Qg7 14. Kc2 Ba6 15.
Bh6 Qf7 16. Nbd2 b4 17. g4 Bxd3+ 18. Kxd3 dxe5 19. dxe5 Rd8 20. Kc2 Qg6+ 21. Kb3
1-0

[Event "AUTO-BEG-220"]
[Site "http://www.queenalice.com/game.php?id=407255"]
[Date "2008.5.23"]
[Round "1"]
[White "rico"]
[Black "Kuroi"]
[Result "0-1"]
[WhiteElo "1156"]
[BlackElo "1463"]

1. e3 d5 2. Nc3 Nf6 3. Nf3 Nc6 4. d4 g6 5. b4 Bg4 6. Bb5 a6 7. Bxc6+ bxc6 8. e4
dxe4 9. h3 Be6 10. Bg5 Rb8 11. Bxf6 exf6 12. Nxe4 Rxb4 13. Rb1 f5 14. Neg5 Bxa2
0-1

[Event "AUTO-BEG-220"]
[Site "http://www.queenalice.com/game.php?id=407256"]
[Date "2008.5.23"]
[Round "1"]
[White "Kuroi"]
[Black "rico"]
[Result "1-0"]
[WhiteElo "1467"]
[BlackElo "1152"]

1. d4 e6 2. e4 Nf6 3. e5 Ne4 4. Qe2 d5 5. f3 Ng5 6. h4 b6 7. Qe3 Be7 8. hxg5
Bxg5 9. f4 Be7 10. Qg3 g6 11. Bb5+ c6 12. Bd3 Ba6 13. Nf3 Bxd3 14. cxd3 Na6 15.
f5 1-0

[Event "Challenge"]
[Site "http://www.queenalice.com/game.php?id=661976"]
[Date "2009.10.3"]
[Round "-"]
[White "rico"]
[Black "champ"]
[Result "0-1"]
[WhiteElo "1177"]
[BlackElo "1126"]

1. e4 e5 2. Nf3 Nf6 3. Bc4 Nxe4 4. Nxe5 d6 5. Nxf7 Qe7 6. Nxh8 Nd7 7. Qf3 Nec5+
8. Be2 Ne5 9. Qf4 Ncd7 10. Bh5+ Kd8 11. Nf7+ Ke8 12. Nxe5+ Kd8 13. Qf7 Qxe5+ 14.
Kf1 g6 15. Bg4 h5 16. Bxd7 Bxd7 17. Qxf8+ Be8 18. Qf3 Bb5+ 19. d3 g5 20. Qxb7
Ba4 21. Qxa8+ Kd7 22. Qxa7 Bxc2 23. Nc3 Bxd3+ 24. Ne2 Qxe2+ 0-1

[Event "AUTO-OPEN-1725"]
[Site "http://www.queenalice.com/game.php?id=668152"]
[Date "2009.10.16"]
[Round "1"]
[White "diego2907"]
[Black "rico"]
[Result "1-0"]
[WhiteElo "1874"]
[BlackElo "1166"]

1. e4 e6 2. d4 Nf6 3. e5 Nd5 4. Bc4 c5 5. c3 Nb6 6. Be2 Qc7 7. Bf3 cxd4 8. cxd4
Na6 9. a3 Nc4 10. b3 Qa5+ 11. Nd2 Nxd2 12. Bxd2 Qb6 13. Be3 f6 14. exf6 gxf6 15.
Nh3 d5 16. Bh5+ Ke7 17. O-O e5 18. dxe5 Nc5 19. exf6+ 1-0

[Event "AUTO-OPEN-1725"]
[Site "http://www.queenalice.com/game.php?id=668153"]
[Date "2009.10.16"]
[Round "1"]
[White "rico"]
[Black "diego2907"]
[Result "0-1"]
[WhiteElo "1179"]
[BlackElo "1858"]

1. e3 e5 2. Nf3 d6 3. c3 Bg4 4. Bc4 Nf6 5. h3 Bh5 6. g4 Bg6 7. Na3 a6 8. Ng5 h6
9. Nf3 Nc6 10. Nh4 Be4 11. f3 Bd5 12. Bxd5 Nxd5 13. e4 Nf4 14. Nf5 g6 15. Ne3
Nd3+ 16. Ke2 Nf4+ 17. Kf1 Be7 18. b4 h5 0-1

[Event "AUTO-OPEN-1725"]
[Site "http://www.queenalice.com/game.php?id=668180"]
[Date "2009.10.16"]
[Round "1"]
[White "rico"]
[Black "Svolo"]
[Result "0-1"]
[WhiteElo "1170"]
[BlackElo "1803"]

1. e3 d5 2. Nf3 f6 3. c4 Bg4 4. cxd5 Qxd5 5. h3 Bxf3 6. gxf3 Nc6 7. Na3 O-O-O 8.
Bc4 Qg5 9. Bxg8 Rxg8 10. f4 Qg6 11. Qg4+ Qxg4 12. hxg4 Nb4 13. Rxh7 Nd3+ 14. Ke2
e6 15. Nb5 a6 16. Nd4 Nc5 17. b4 e5 18. fxe5 fxe5 19. Ne6 Nxe6 20. Bb2 Bxb4 21.
Bxe5 Rxd2+ 0-1

[Event "AUTO-OPEN-1725"]
[Site "http://www.queenalice.com/game.php?id=668181"]
[Date "2009.10.16"]
[Round "1"]
[White "Svolo"]
[Black "rico"]
[Result "1-0"]
[WhiteElo "1805"]
[BlackElo "1168"]

1. e4 e6 2. d4 c5 3. d5 exd5 4. exd5 Qe7+ 5. Qe2 Qxe2+ 6. Bxe2 d6 7. Bb5+ Bd7 8.
Bxd7+ Kxd7 9. b3 Na6 10. Bb2 Re8+ 11. Ne2 Nb4 12. Na3 Nxd5 13. g3 b5 14. Nxb5
Nb4 15. Kd2 Nf6 16. a3 Ne4+ 17. Kc1 Nxf2 18. Kd2 Nxh1 19. Rxh1 Nd5 20. c4 Nc7
21. a4 1-0